normal people quotes - Statistics

General Stats
  • This quiz has been taken 39 times
  • The average score is 3 of 12
Answer Stats
Hint Answer % Correct
I'm not a religious person but I d_ s________ t____ G__ m___ y__ f__ m_ do sometimes think God made you for me
79%
I don't know what's wrong with me, says Marianne. I don't know why I can't be like n_____ p_____ normal people
76%
You should go, she says. I'__ a_____ b_ h___. You know that I'll always be here.
41%
Marianne had the sense that her real life was happening s________ v___ f__ a___, happening without her, and she didn't know if she would ever find out where it was or become part of it. somewhere very far away
38%
feeling a strange sense of n________ for a moment that was already in the process of happening. nostalgia
18%
He has sincerely wanted to die, but he has never sincerely wanted Marianne to forget about him. That’s the only part of himself he wants to protect, the part that e_____ i_____ h__ exists inside her
12%
Life offers up t____ m______ o_ j__ despite everything these moments of joy
12%
Generally I find men are a lot more concerned with l________ t__ f______ o_ w____ than exercising personal freedom for themselves. limiting the freedoms of women
6%
All these years, they’ve been like t__ l_____ p____ sharing the same plot of soil, growing around one another, contorting to make room, taking certain unlikely positions. two little plants
6%
Life is t__ t____ y__ b____ w___ y__ inside your own head. the thing you bring with you
3%
Being alone with her is like opening a door a___ f___ n_____ l___ and then closing it behind him. away from normal life
0%
If people appeared to behave pointlessly in grief, it was only because h____ l___ w__ p________, and this was the truth that grief revealed. human life was pointless
0%
No matching quizzes found
Score Distribution
Percent of People with Each Score
Percentile by Number Answered
Your Score History
You have not taken this quiz